Normal view MARC view

Entry Personal Name

Number of records used in: 1

001 - CONTROL NUMBER

  • control field: 9550

003 - CONTROL NUMBER IDENTIFIER

  • control field: DLC

005 - DATE AND TIME OF LATEST TRANSACTION

  • control field: 20230921120315.0

008 - FIXED-LENGTH DATA ELEMENTS

  • fixed length control field: 800324n| azannaabn |a aaa

010 ## - LIBRARY OF CONGRESS CONTROL NUMBER

  • LC control number: n 50006846
  • Canceled/invalid LC control number: n 83123503

024 7# - OTHER STANDARD IDENTIFIER

  • Standard number or code: 0000000114782507
  • Source of number or code: isni

024 7# - OTHER STANDARD IDENTIFIER

  • Standard number or code: 97669529
  • Source of number or code: viaf

024 7# - OTHER STANDARD IDENTIFIER

  • Standard number or code: Q606311
  • Source of number or code: wikidata

035 ## - SYSTEM CONTROL NUMBER

  • System control number: (OCoLC)oca00042388

040 ## - CATALOGING SOURCE

  • Original cataloging agency: DLC
  • Language of cataloging: eng
  • Description conventions: rda
  • Transcribing agency: DLC
  • Modifying agency: DLC
  • Modifying agency: InU
  • Modifying agency: Uk
  • Modifying agency: CLU
  • Modifying agency: OCoLC

046 ## - SPECIAL CODED DATES

  • Birth date: 1930-12-11
  • Source of date scheme: edtf

100 1# - HEADING--PERSONAL NAME

  • Personal name: Berend, T. Iván
  • Fuller form of name: (Tibor Iván),
  • Dates associated with a name: 1930-

370 ## - ASSOCIATED PLACE

  • Other associated place: Los Angeles, Calif.
  • Start period: 1990

372 ## - FIELD OF ACTIVITY

  • Field of activity: Europe--History
  • Source of term: lcsh

372 ## - FIELD OF ACTIVITY

  • Field of activity: Economics
  • Source of term: lcsh

373 ## - ASSOCIATED GROUP

  • Associated group: University of California, Los Angeles. Department of History
  • Source of term: naf
  • Start period: 1990

374 ## - OCCUPATION

  • Occupation: Professor

377 ## - ASSOCIATED LANGUAGE

  • Language code: eng
  • Language code: hun

378 ## - FULLER FORM OF PERSONAL NAME

  • Fuller form of personal name: Tibor Iván

400 1# - SEE FROM TRACING--PERSONAL NAME

  • Personal name: Berend, Iván T.
  • Fuller form of name: (Iván Tibor),
  • Dates associated with a name: 1930-

400 1# - SEE FROM TRACING--PERSONAL NAME

  • Control subfield: nna
  • Personal name: Berend, Tibor Iván,
  • Dates associated with a name: 1930-

400 1# - SEE FROM TRACING--PERSONAL NAME

  • Personal name: Berent, Ivan T.,
  • Dates associated with a name: 1930-

670 ## - SOURCE DATA FOUND

  • Source citation: The development of the manufacturing industry in Hungary, 1960.

670 ## - SOURCE DATA FOUND

  • Source citation: Hoi empeiries tou sosialistikou ... 1989:
  • Information found: t.p. (Ivan T. Berent, Iván T. Berend)

670 ## - SOURCE DATA FOUND

  • Source citation: Ki kicsoda, 4th ed.:
  • Information found: (Berend T. Iván; b. Dec. 11, 1930; economic hist.)

670 ## - SOURCE DATA FOUND

  • Source citation: UCLA Department of History, Ivan T. Berend homepage, viewed Mar. 19, 2013
  • Information found: main page (field: Europe) Curriculum vitae ( Ivan T. Berend; University of California, Los Angeles, Department of History, Distinguished Professor, 1990- )

Powered by Koha